| 000 | 00441nam a2200133Ia 4500 | ||
|---|---|---|---|
| 008 | 170221s9999 xx 000 0 und d | ||
| 100 | _aManel GHARBI | ||
| 245 | _aManagerial Shareholding Role in diversifying orientation decision across Tunisian companies | ||
| 245 | _cManel GHARBI, Anis JARBOUI | ||
| 260 | _c2016 | ||
| 300 | _a5 : 5 | ||
| 650 | _xBusiness | ||
| 856 | _uhttp://absronline.org/journals/index.php/eimj/article/view/637/659 | ||
| 999 |
_c313429 _d313429 |
||